[Event "Merida World Heritage op 1st"]
[Site "Merida"]
[Date "2021.08.04"]
[Round "1"]
[White "Jimenez Capilla, Jose Alfonso"]
[Black "Ruiz Grau, David"]
[Result "1-0"]
[WhiteElo "2018"]
[BlackElo "1358"]
[PlyCount "47"]
[EventDate "2021.08.04"]
[EventType "swiss"]
[EventRounds "9"]
[EventCountry "ESP"]
[SourceTitle "EXT 2023"]
[Source "ChessBase"]
[SourceDate "2022.10.05"]
[SourceVersion "1"]
[SourceVersionDate "2022.10.05"]
[SourceQuality "1"]

1. e4 c5 2. Nc3 d6 3. g3 Nc6 4. Bg2 a6 5. d3 e6 6. f4 b5 7. Nh3 Bb7 8. 0-0 Be7 9. g4 Bf6 10. g5 Bd4+ 11. Kh1 g6 12. f5 Nge7 13. fxe6 fxe6 14. Nf4 Qd7 15. Bh3 Nd8 16. Ncd5 Bxd5 17. Nxd5 Nxd5 18. exd5 Rf8 19. Rxf8+ Kxf8 20. c3 Bg7 21. dxe6 Nxe6 22. Qf3+ Ke7 23. Qxa8 Nc7 24. Qe4+ 1-0

[Event "BCF-chT3 1314 (4NCL)"]
[Site "England"]
[Date "2014.05.05"]
[Round "11.11"]
[White "Compton, Alistair"]
[Black "Jimenez Capilla, Jose Alfonso"]
[Result "1-0"]
[WhiteElo "2080"]
[BlackElo "1824"]
[PlyCount "89"]
[EventDate "2013.11.16"]
[EventType "team-swiss"]
[EventRounds "11"]
[EventCountry "ENG"]
[SourceTitle "EXT 2015"]
[Source "ChessBase"]
[SourceDate "2014.11.20"]
[SourceVersion "1"]
[SourceVersionDate "2014.11.20"]
[SourceQuality "1"]
[WhiteTeam "The Rookies"]
[BlackTeam "e2e4.org.uk V"]
[WhiteTeamCountry "ENG"]
[BlackTeamCountry "ENG"]

1. e4 c5 2. c3 d6 3. d4 cxd4 4. cxd4 Nf6 5. Nc3 Nc6 6. Nf3 e6 7. Be2 Be7 8. 0-0 0-0 9. Bf4 Nh5 10. Be3 Nf6 11. h3 b6 12. d5 exd5 13. exd5 Nb4 14. a3 Na6 15. Nd4 Nc7 16. Bf3 Bb7 17. Qb3 Nd7 18. Rfd1 Ne5 19. Be2 Bf6 20. Rac1 Na6 21. Nc6 Qd7 22. Ne4 Bh4 23. Bb5 Nf3+ 24. gxf3 Qxh3 25. Bf4 Nc5 26. Nxc5 dxc5 27. Bf1 Qf5 28. Bg3 Bf6 29. Kg2 Bc8 30. Kg1 Re8 31. Bg2 h5 32. Qc2 Qg5 33. Qd2 Qg6 34. Rc4 b5 35. Re4 Rxe4 36. fxe4 h4 37. e5 Bg5 38. f4 Bd8 39. Nxd8 Qxg3 40. Qf2 Qb3 41. Bf3 Bf5 42. Nc6 Be4 43. Rf1 Bxf3 44. Qxf3 Qxb2 45. d6 1-0

[Event "BCF-chT3 1314 (4NCL)"]
[Site "England"]
[Date "2014.05.03"]
[Round "9.9"]
[White "Smith, Graham M"]
[Black "Jimenez Capilla, Jose Alfonso"]
[Result "1-0"]
[WhiteElo "2059"]
[BlackElo "1824"]
[PlyCount "71"]
[EventDate "2013.11.16"]
[EventType "team-swiss"]
[EventRounds "11"]
[EventCountry "ENG"]
[SourceTitle "EXT 2015"]
[Source "ChessBase"]
[SourceDate "2014.11.20"]
[SourceVersion "1"]
[SourceVersionDate "2014.11.20"]
[SourceQuality "1"]
[WhiteTeam "MK Phoenix II"]
[BlackTeam "e2e4.org.uk V"]
[WhiteTeamCountry "ENG"]
[BlackTeamCountry "ENG"]

1. Nf3 d5 2. c4 d4 3. e3 c5 4. a3 Nc6 5. b4 dxe3 6. fxe3 Bg4 7. b5 Ne5 8. Bb2 Bxf3 9. gxf3 Nd3+ 10. Bxd3 Qxd3 11. Qe2 Qc2 12. d3 Qxe2+ 13. Kxe2 f6 14. Nc3 e6 15. Rhg1 Ne7 16. Ne4 Nf5 17. Nxf6+ Kf7 18. Ng4 Bd6 19. Ne5+ Ke7 20. f4 Rhg8 21. Nf3 b6 22. e4 Nd4+ 23. Nxd4 cxd4 24. Bxd4 Bxf4 25. h3 e5 26. Bf2 g5 27. a4 h5 28. a5 g4 29. hxg4 hxg4 30. axb6 Bh2 31. Rg2 g3 32. Bc5+ Kd7 33. bxa7 Rgc8 34. Be3 Rf8 35. Ra6 Rf7 36. Rh6 1-0

[Event "BCF-chT3 1314 (4NCL)"]
[Site "England"]
[Date "2014.03.22"]
[Round "7.50"]
[White "Cooke, Charlie"]
[Black "Jimenez Capilla, Jose Alfonso"]
[Result "1/2-1/2"]
[WhiteElo "1754"]
[BlackElo "1824"]
[PlyCount "57"]
[EventDate "2013.11.16"]
[EventType "team-swiss"]
[EventRounds "11"]
[EventCountry "ENG"]
[SourceTitle "EXT 2015"]
[Source "ChessBase"]
[SourceDate "2014.11.20"]
[SourceVersion "1"]
[SourceVersionDate "2014.11.20"]
[SourceQuality "1"]
[WhiteTeam "BCM Bison IV"]
[BlackTeam "e2e4.org.uk V"]
[WhiteTeamCountry "ENG"]
[BlackTeamCountry "ENG"]

1. d4 c5 2. d5 b5 3. e4 a6 4. Be3 d6 5. c4 b4 6. Bd3 Nf6 7. f3 Nbd7 8. a4 a5 9. b3 g6 10. Ra2 Bg7 11. Qd2 Ne5 12. Bc2 Ba6 13. Bh6 0-0 14. Bxg7 Kxg7 15. Ne2 Qb6 16. Nf4 Rac8 17. Bd1 h6 18. Qe2 g5 19. Nd3 e6 20. Nxe5 dxe5 21. h4 Nh5 22. Qe3 Kg6 23. Nd2 exd5 24. cxd5 Qd8 25. g4 Nf4 26. h5+ Kf6 27. Nc4 Re8 28. Kf2 Bxc4 29. bxc4 1/2-1/2

[Event "Malaga op 12th"]
[Site "Malaga"]
[Date "2009.07.14"]
[Round "5"]
[White "Jimenez Capilla, Jose Alfonso"]
[Black "Velasco Gomez, Esperanza"]
[Result "1-0"]
[WhiteElo "2023"]
[BlackElo "1851"]
[PlyCount "65"]
[EventDate "2009.07.11"]
[EventType "swiss"]
[EventRounds "9"]
[EventCountry "ESP"]
[SourceTitle "CBM 131 Extra"]
[Source "ChessBase"]
[SourceDate "2009.09.03"]
[SourceVersion "2"]
[SourceVersionDate "2009.09.16"]
[SourceQuality "1"]

1. d4 Nf6 2. Nf3 g6 3. e3 Bg7 4. Bd3 0-0 5. 0-0 d6 6. b3 Nbd7 7. Bb2 c5 8. Nbd2 Qc7 9. c4 b6 10. Rc1 Bb7 11. Bb1 e5 12. d5 Rae8 13. Ne1 e4 14. g3 Bc8 15. Ng2 Re7 16. f4 Rfe8 17. g4 Nf8 18. h3 Nxg4 19. Bxg7 Nxe3 20. Nxe3 Kxg7 21. h4 h5 22. f5 Nh7 23. Qe2 Re5 24. Qg2 Nf6 25. Rf4 Ng4 26. Nxg4 hxg4 27. fxg6 f5 28. Nxe4 Kxg6 29. Ng3 Re1+ 30. Rxe1 Rxe1+ 31. Rf1 Re5 32. Nxf5 Bxf5 33. Qxg4+ 1-0

[Event "ESP-ch U18"]
[Site "Padron"]
[Date "2008.07.27"]
[Round "1"]
[White "Jimenez Capilla, Jose Alfonso"]
[Black "Balbas Calvo, Alexandra"]
[Result "1-0"]
[WhiteElo "2029"]
[BlackElo "1680"]
[PlyCount "79"]
[EventDate "2008.07.27"]
[EventType "swiss"]
[EventRounds "9"]
[EventCountry "ESP"]
[SourceTitle "CBM 125 Extra"]
[Source "ChessBase"]
[SourceDate "2008.09.01"]
[SourceVersion "1"]
[SourceVersionDate "2008.09.01"]
[SourceQuality "1"]

1. d4 d5 2. Nf3 Nf6 3. e3 Nbd7 4. Bd3 e6 5. b3 Be7 6. Bb2 b6 7. Nbd2 Bb7 8. 0-0 0-0 9. Ne5 c5 10. f4 Rc8 11. c4 cxd4 12. exd4 a6 13. Qe2 dxc4 14. bxc4 Nb8 15. Rad1 Nc6 16. Ndf3 Nd7 17. Bb1 Ncxe5 18. fxe5 Qc7 19. Rc1 Rfd8 20. Kh1 Nb8 21. d5 exd5 22. cxd5 Qd7 23. Rxc8 Qxc8 24. d6 Bf8 25. Bxh7+ Kxh7 26. Ng5+ Kg8 27. Qh5 Bxg2+ 28. Kxg2 Qc2+ 29. Rf2 Qg6 30. Qxg6 fxg6 31. Ne6 Re8 32. Rxf8+ Rxf8 33. Nxf8 Kxf8 34. e6 Ke8 35. Bxg7 Nc6 36. Bf6 Nb8 37. Kf3 b5 38. Ke3 b4 39. Kd4 a5 40. Kc4 1-0

[Event "ESP-ch U18"]
[Site "Padron"]
[Date "2008.07.27"]
[Round "2"]
[White "Mestre Bellido, Hector"]
[Black "Jimenez Capilla, Jose Alfonso"]
[Result "0-1"]
[WhiteElo "2284"]
[BlackElo "2029"]
[PlyCount "70"]
[EventDate "2008.07.27"]
[EventType "swiss"]
[EventRounds "9"]
[EventCountry "ESP"]
[SourceTitle "CBM 125 Extra"]
[Source "ChessBase"]
[SourceDate "2008.09.01"]
[SourceVersion "1"]
[SourceVersionDate "2008.09.01"]
[SourceQuality "1"]

1. e4 e5 2. Bc4 c6 3. Nf3 d6 4. Nc3 Be7 5. d4 Nd7 6. a4 Ngf6 7. 0-0 0-0 8. a5 h6 9. b3 Qc7 10. Bb2 Re8 11. Re1 Nf8 12. Qd3 Ng6 13. h3 Nf4 14. Qd2 Bf8 15. Na2 g5 16. dxe5 dxe5 17. Qc3 Ng6 18. Nc1 Nh5 19. Bf1 Nhf4 20. Kh2 Bg7 21. g3 Ne6 22. Nd3 Nd4 23. Nxd4 exd4 24. Qb4 Ne5 25. Bg2 Rd8 26. Qd2 Be6 27. Nc5 g4 28. Nxe6 fxe6 29. hxg4 Nxg4+ 30. Kg1 e5 31. Bh3 Nf6 32. Kg2 Qe7 33. Bf5 c5 34. Qe2 Nh7 35. Rh1 Rf8 0-1